Introduction to plant biotehnology. (Record no. 114982)
[ view plain ]
| 000 -LEADER | |
|---|---|
| fixed length control field | 00544nam a2200217Ia 4500 |
| 003 - CONTROL NUMBER IDENTIFIER | |
| control field | OSt |
| 005 - DATE AND TIME OF LATEST TRANSACTION | |
| control field | 20230323105339.0 |
| 008 - FIXED-LENGTH DATA ELEMENTS--GENERAL INFORMATION | |
| fixed length control field | 210210b2003 xxu||||| |||| 00| 0 eng d |
| 020 ## - INTERNATIONAL STANDARD BOOK NUMBER | |
| International Standard Book Number | 81 204 1549 3 |
| 040 ## - CATALOGING SOURCE | |
| Transcribing agency | AL |
| 041 ## - LANGUAGE CODE | |
| Language code of text/sound track or separate title | English |
| 082 ## - DEWEY DECIMAL CLASSIFICATION NUMBER | |
| Classification number | 581.0724 CHAI |
| 100 ## - MAIN ENTRY--PERSONAL NAME | |
| Personal name | CHAWLA (H S). |
| 9 (RLIN) | 76860 |
| 245 ## - TITLE STATEMENT | |
| Title | Introduction to plant biotehnology. |
| 250 ## - EDITION STATEMENT | |
| Edition statement | 2 |
| 260 ## - PUBLICATION, DISTRIBUTION, ETC. | |
| Place of publication, distribution, etc. | ND |
| Name of publisher, distributor, etc. | Oxford & IBH Publishing Co. Pvt. Ltd. |
| Date of publication, distribution, etc. | 2003 |
| 300 ## - PHYSICAL DESCRIPTION | |
| Extent | xxix,538 |
| 690 ## - LOCAL SUBJECT ADDED ENTRY--TOPICAL TERM (OCLC, RLIN) | |
| Topical term or geographic name as entry element | Plant Biotechnology |
| 9 (RLIN) | 76861 |
| 906 ## - LOCAL DATA ELEMENT F, LDF (RLIN) | |
| a | SG04379 |
| 942 ## - ADDED ENTRY ELEMENTS (KOHA) | |
| Source of classification or shelving scheme | Dewey Decimal Classification |
| Koha item type | Book |
| Withdrawn status | Lost status | Source of classification or shelving scheme | Damaged status | Not for loan | Collection code | Home library | Current library | Date acquired | Source of acquisition | Cost, normal purchase price | Total Checkouts | Full call number | Barcode | Date last seen | Price effective from | Koha item type |
|---|---|---|---|---|---|---|---|---|---|---|---|---|---|---|---|---|
| Dewey Decimal Classification | Bio Technology | St Aloysius Library | St Aloysius Library | 02/17/2021 | School Book Company, Mangalore | 275.00 | 581.0724 CHAI | 060878 | 02/17/2021 | 02/17/2021 | Book | |||||
| Dewey Decimal Classification | Bio Technology | St Aloysius Library | St Aloysius Library | 02/17/2021 | School Book Company, Mangalore | 275.00 | 581.0724 CHAI | 060875 | 02/17/2021 | 02/17/2021 | Book | |||||
| Dewey Decimal Classification | Bio Technology | St Aloysius Library | St Aloysius Library | 02/17/2021 | School Book Company, Mangalore | 275.00 | 581.0724 CHAI | 060876 | 02/17/2021 | 02/17/2021 | Book | |||||
| Dewey Decimal Classification | Bio Technology | St Aloysius Library | St Aloysius Library | 02/17/2021 | School Book Company, Mangalore | 275.00 | 581.0724 CHAI | 060874 | 02/17/2021 | 02/17/2021 | Book | |||||
| Dewey Decimal Classification | Bio Technology | St Aloysius Library | St Aloysius Library | 02/17/2021 | School Book Company, Mangalore | 275.00 | 581.0724 CHAI | 060877 | 02/17/2021 | 02/17/2021 | Book | |||||
| Dewey Decimal Classification | Botany | St Aloysius Library | St Aloysius Library | 02/17/2021 | Higginbothams (P) Ltd., Mangalore 01. | 0.00 | 581.0724 CHAI | SG04379 | 02/17/2021 | 02/17/2021 | Special Grants | |||||
| Dewey Decimal Classification | Bio Technology | St Aloysius Library | St Aloysius Library | 02/17/2021 | West Coast Paper & Stationers Mangalore-1 | 220.00 | 581.0724 CHAI | 063599 | 02/17/2021 | 02/17/2021 | Book |